00254nam a2200097Ia 4500008004100000041000800041100001800049245003900067260003100106999001900137241105s9999 xx 000 0 und d aeng aAngal Manasee aAdaptive Re Use Of Mills In Mumbai bBNCA M Arch DA, Punec2016 c361304d361304